Statistics for Second largest cities by European country

Click here to take the quiz!

General Stats

  • This quiz has been taken 33 times
  • The average score is 24 of 44

Answer Stats

CountryCity% Correct
SpainBarcelona
100%
FranceMarseille
100%
ItalyMilan
100%
PortugalPorto
97%
NetherlandsRotterdam
97%
RussiaSaint Petersburg
97%
United KingdomBirmingham
93%
IrelandCork
93%
SwedenGothenburg
93%
GermanyHamburg
93%
PolandKraków
93%
BelgiumAntwerp
90%
GreeceThessaloniki
90%
SwitzerlandGeneva
87%
NorwayBergen
83%
DenmarkAarhus
77%
CroatiaSplit
73%
CzechiaBrno
63%
AustriaGraz
63%
SerbiaNovi Sad
53%
RomaniaCluj-Napoca
50%
LithuaniaKaunas
50%
UkraineKharkiv
50%
BulgariaPlovdiv
47%
FinlandEspoo
43%
MonacoMonte-Carlo
43%
LiechtensteinVaduz
43%
Bosnia & HerzegovinaBanja Luka
40%
HungaryDebrecen
37%
SloveniaMaribor
33%
AlbaniaDurrës
30%
SlovakiaKošice
30%
LatviaDaugavpils
23%
LuxembourgEsch sur Alzette
23%
EstoniaTartu
23%
IcelandAkureyri
17%
KosovoPrizren
17%
MoldovaTiraspol
17%
AndorraEscaldes-Engordany
13%
BelarusHomel
13%
MontenegroNikšić
13%
North MacedoniaBItola
10%
San MarinoBorgo Maggiore
3%
MaltaQormi
0%

Score Distribution

Percentile by Number Answered

Percent of People with Each Score

Your Score History

You have not taken this quiz